Geochemistry and sedimentology of the Mediterranean Sea

Αποθηκεύτηκε σε:
Λεπτομέρειες βιβλιογραφικής εγγραφής
Κύριος συγγραφέας: Emelyanov, E. M.
Άλλοι συγγραφείς: Shimkus, K. M. (Kazimeras Mikolavich)
Μορφή: Βιβλίο
Γλώσσα:English
Δημοσίευση: Dordrecht : D. Reidel Publishing Company, c1986
Σειρά:Sendimentology and petroleum geology
Θέματα:
Ετικέτες: Προσθήκη ετικέτας
Δεν υπάρχουν, Καταχωρήστε ετικέτα πρώτοι!

MARC

LEADER 00000nam a2200000 i 4500
001 1/17456
008 981006s1986 eng d
020 |a 90-277-1598-X 
035 |l 10020565 
040 |a GR-MY-UA  |b gre  |e aacr 
041 0 |a eng 
082 0 |a 551.36 
100 1 |a Emelyanov, E. M. 
245 1 0 |a Geochemistry and sedimentology of the Mediterranean Sea /  |c by E. M. Emelyanov and K. M. Shimkus 
260 |a Dordrecht :   |b D. Reidel Publishing Company,   |c c1986 
300 |a 553 p.  |b fig. 
490 1 |a Sedimentology and petroleum geology 
504 |a Bibliography: p.507-532: Includes index 
650 0 0 |a Marine sediments  |z Mediterranean Sea. 
650 0 0 |a Geochemistry  |z Mediterranean Sea. 
650 0 0 |a Geology, Stratigraphic  |y Cenozioc. 
700 1 |a Shimkus, K. M.  |q (Kazimeras Mikolavich) 
830 0 |a Sendimentology and petroleum geology 
852 |a INST  |b LESVOS  |e 19981006  |h 551.36 EME  |p 005100012789  |q 005100012789  |t BK  |y 0 
901 |a BIBL-1998-3 
909 |a Λ  |b 059164 
922 |a 1ΕΛΗ  |b 199809  |c ΚΠΣ/ΤΠ  |d ΠΑΠΑΣΩΤΗΡΙΟΥ 
950 |a 107-1998-06-03